| 000 | 01386nam a22002177a 4500 | ||
|---|---|---|---|
| 003 | NALT | ||
| 005 | 20260112145734.0 | ||
| 008 | 250925b th ||||| |||| 00| 0 tha d | ||
| 020 | _a9786169467434 | ||
| 040 | _aNALT | ||
| 245 | 0 | 0 |
_aรวมสุดยอดนวัตกรรมเทคโนโลยีที่จะยกระดับชีวิตคนยุคใหม่ = _bInnovation and technology for human well-being / _c39 พับลิชชิ่ง. _h[electronic resource] |
| 250 | _aพิมพ์ครั้งแรก. | ||
| 260 |
_aกรุงเทพฯ : _b39 พับลิชชิ่ง, _c2567. |
||
| 300 | _aOnline resource | ||
| 505 | 2 | _a1. บทนำ -- 2. เทคโนโลยีปัญญาประดิษฐ์ (AI) เพื่อการดำรงชีวิตที่ง่ายขึ้น -- 3. เทคโนโลยีการขนส่งแห่งอนาคต -- 4. เทคโนโลยีสารสนเทศและการสื่อสารยุคใหม่ ฯลฯ | |
| 650 | 4 |
_aนวัตกรรมทางเทคโนโลยี _910581 |
|
| 650 | 4 |
_aเทคโนโลยีสารสนเทศ _98468 |
|
| 856 | 4 | 0 |
_uhttps://ebook.parliament.go.th/ebookall/detail/438265 _zE-Book |
| 942 |
_cEBK _2lcc |
||
| 996 |
_ajamriang.p _bCATSTF _c2026-01-12 |
||
| 999 |
_c107298 _d107298 |
||
| 998 |
_j1020 _k นางจำเรียง ระวังสำโรง |
||